Statistics for The 1st person out on each of the Life Seasons

Click here to take the quiz!

General Stats

  • This quiz has been taken 51 times
    (22 since last reset)
  • The average score is 6 of 6

Answer Stats

HintAnswer% Correct
3rd LifeSolidarity Gaming
100%
Last LifeSolidarity Gaming
100%
Limited LifeSolidarity Gaming
100%
Double LifeSolidarity Gaming and Tango Tek
100%
Secret LifeLDShadowlady
89%
Real LifeGrian
84%

Score Distribution

Percentile by Number Answered

Percent of People with Each Score

Your Score History

You have not taken this quiz since the last reset